| 000 | 00490nam a2200181 4500 | ||
|---|---|---|---|
| 001 | 121175 | ||
| 003 | ES-MaACL | ||
| 007 | t| | ||
| 008 | 070214s1927 fr r ||||1| fre d | ||
| 100 | 1 |
_aPonsinet, J. _993036 |
|
| 245 | 1 | 0 |
_aPrincipes de L'electrochimie / _cpar J. Ponsinet. |
| 260 |
_aParis : _bArmand Colin, _c1927. |
||
| 300 |
_a215 p. : _bil. ; _c17 cm. |
||
| 650 | 4 |
_912168 _aElectroquĂmica |
|
| 852 |
_aES-MaACL _jE-6204 _bR.90471 |
||
| 942 | _2udc | ||
| 999 |
_c121175 _d121175 |
||